Reglamento del Instituto Nacional de Educación Física (INEFI) (Record no. 8979)

MARC details
000 -LEADER
campo de control de longitud fija 00454nam a2200133Ia 4500
001 - NÚMERO DE CONTROL
campo de control 187
008 - DATOS DE LONGITUD FIJA--INFORMACIÓN GENERAL
campo de control de longitud fija 241024s9999 xx 000 0 und d
082 ## - NÚMERO DE LA CLASIFICACIÓN DECIMAL DEWEY
Número de clasificación RD/370.97293/R426r/2008
100 ## - ENTRADA PRINCIPAL--NOMBRE DE PERSONA
Nombre de persona República Dominicana.Secretaria de Estado de Educación. Instituto Nacional de Educación Física
245 #0 - MENCIÓN DEL TÍTULO
Título Reglamento del Instituto Nacional de Educación Física (INEFI)
260 ## - PUBLICACIÓN, DISTRIBUCIÓN, ETC.
Nombre del editor, distribuidor, etc. Santo Domingo
Fecha de publicación, distribución, etc. 2008
901 ## - ELEMENTOS DE DATOS A LOCAL LDA (RLIN)
a 20/10/2010 2:10:22 p.m.

No items available.

© 2024. Todos los Derechos Reservados. Desarrollado por IDEICE